[Event "Rennes Paul Bert-Gif sur Yvette"]
[Site "Rennes"]
[Date "2008.03.15"]
[Round "8.6"]
[White "Boonekamp, Maarten"]
[Black "Bleuzen, Cedric"]
[Result "1-0"]
[WhiteElo "2055"]
[BlackElo "2022"]
[PlyCount "67"]
[EventDate "2008.03.16"]
[SourceDate "2007.10.25"]

1. e4 e6 2. d4 d5 3. e5 b6 4. Nf3 Qd7 5. Be2 Ba6 6. O-O Ne7 7. Bxa6 Nxa6 8. Qe2
Nb4 9. c3 Nbc6 10. a4 Na5 11. Nbd2 c5 12. dxc5 bxc5 13. b4 Nb7 14. Nb3 Nc6 15.
bxc5 Nxc5 16. Nxc5 Bxc5 17. Qb5 Be7 18. Be3 O-O 19. Rab1 Rfb8 20. Qa6 Qc7 21.
Rb5 Rxb5 22. axb5 Nb8 23. Qa4 Nd7 24. Bd4 Nc5 25. Qa2 Qb7 26. Rb1 Nd3 27. Qe2
Nc5 28. Qe3 Rc8 29. Nd2 h6 30. c4 dxc4 31. Nxc4 Qd5 32. Na5 Na4 33. Nc6 Bc5 34.
Bxc5 1-0

[Event "Rennes Paul Bert-Gif sur Yvette"]
[Site "Rennes"]
[Date "2008.03.15"]
[Round "8.8"]
[White "Lofi, Sarah"]
[Black "Le Bail, Clara"]
[Result "0-1"]
[WhiteElo "1860"]
[BlackElo "2035"]
[PlyCount "112"]
[EventDate "2008.03.16"]
[SourceDate "2007.10.25"]

1. e4 e6 2. d4 d5 3. exd5 exd5 4. Nf3 Nc6 5. Bb5 Bd6 6. O-O Nge7 7. Bg5 O-O 8.
Re1 Bg4 9. c3 f6 10. Bh4 Nf5 11. Bg3 Nxg3 12. fxg3 Ne7 13. Nbd2 c6 14. Bd3 Qd7
15. Qc2 g6 16. Rf1 Nf5 17. Rfe1 Rae8 18. Nf1 Ng7 19. Ne3 Be6 20. Nh4 Bf7 21.
Qd2 f5 22. Rf1 Be6 23. Nf3 f4 24. gxf4 Bxf4 25. Ne5 Bxe5 26. Rxf8+ Rxf8 27.
dxe5 Qc7 28. Rc1 Qxe5 29. Nf5 Qf6 30. Nh6+ Kh8 31. Rf1 Qd8 32. Qe3 Rxf1+ 33.
Bxf1 Qb6 34. Qxb6 axb6 35. Kf2 Ne8 36. Be2 Nf6 37. h3 Kg7 38. Ng4 Nxg4+ 39.
hxg4 Kf6 40. Kf3 c5 41. a3 g5 42. g3 Ke5 43. Ke3 h6 44. Kd3 Bf7 45. Bf3 Bg6+
46. Ke3 Be8 47. Kd3 Bc6 48. Bd1 Bb5+ 49. Ke3 Bc6 50. Kd3 d4 51. cxd4+ cxd4 52.
b3 Bb5+ 53. Kd2 Ke4 54. Bc2+ Kf3 55. a4 Bf1 56. Bf5 Kxg3 0-1

[Event "Echiquier Berry Sologne-Lisieux"]
[Site "Lisieux"]
[Date "2008.03.16"]
[Round "9.1"]
[White "Cosma, Ioan"]
[Black "Decosse, Jean Fabien"]
[Result "1-0"]
[WhiteElo "2451"]
[BlackElo "2239"]
[PlyCount "63"]
[EventDate "2008.03.16"]
[SourceDate "2007.10.25"]

1. d4 g6 2. e4 Bg7 3. Nc3 c6 4. Nf3 d6 5. e5 dxe5 6. Nxe5 Nd7 7. f4 Nb6 8. Be2
Nf6 9. O-O h5 10. Kh1 Bf5 11. Be3 Nfd5 12. Bg1 Bh6 13. Bd3 Nxc3 14. bxc3 Bxd3
15. Qxd3 e6 16. Rf3 Qf6 17. c4 O-O 18. c5 Nd5 19. Nd7 Qe7 20. Nxf8 Rxf8 21. g3
f5 22. Qa3 g5 23. c4 Nf6 24. fxg5 Bxg5 25. Qxa7 Ne4 26. Rb1 Nd2 27. Rxb7 Qf6
28. Rd3 h4 29. Rb8 h3 30. Rxf8+ Kxf8 31. Qh7 f4 32. Ra3 1-0

[Event "Echiquier Berry Sologne-Lisieux"]
[Site "Lisieux"]
[Date "2008.03.16"]
[Round "9.2"]
[White "Coursaget, Nicolas"]
[Black "Lalic, Bogdan"]
[Result "0-1"]
[WhiteElo "2315"]
[BlackElo "2507"]
[PlyCount "38"]
[EventDate "2008.03.16"]
[SourceDate "2007.10.25"]

1. d4 e6 2. c4 Bb4+ 3. Nc3 c5 4. d5 Bxc3+ 5. bxc3 Qa5 6. Qd3 Nf6 7. Bd2 O-O 8.
e4 d6 9. Be2 Re8 10. h4 exd5 11. exd5 Nbd7 12. f4 Nb6 13. Kf1 Bg4 14. Bxg4 Nxg4
15. h5 Qa6 16. Rh4 Nxc4 17. Rd1 Re3 18. Bxe3 Ngxe3+ 19. Kf2 Nb2 0-1

[Event "Echiquier Berry Sologne-Lisieux"]
[Site "Lisieux"]
[Date "2008.03.16"]
[Round "9.3"]
[White "Webb, Laurence"]
[Black "Marie, Maxime"]
[Result "1-0"]
[WhiteElo "2304"]
[BlackElo "2238"]
[PlyCount "121"]
[EventDate "2008.03.16"]
[SourceDate "2007.10.25"]

1. e4 c5 2. Nf3 Nc6 3. Bb5 e6 4. Bxc6 bxc6 5. d3 Ne7 6. Qe2 Qc7 7. Nh4 Ng6 8.
Nxg6 hxg6 9. f4 Be7 10. O-O f5 11. e5 Kf7 12. Nd2 Ba6 13. Nf3 Rh5 14. b3 Rah8
15. Be3 d5 16. exd6 Bxd6 17. h3 Kg8 18. Rae1 Bc8 19. Bd2 Bxf4 20. Bxf4 Qxf4 21.
Qe5 Qxe5 22. Rxe5 g5 23. Rxc5 g4 24. hxg4 fxg4 25. Rxh5 Rxh5 26. Nd2 Rd5 27.
Kf2 Ba6 28. Ke3 Rc5 29. c4 Rh5 30. Ne4 Bc8 31. Kd4 a5 32. g3 Bb7 33. Re1 Rh2
34. a3 Rb2 35. Nc5 Bc8 36. Re5 Rg2 37. Ne4 a4 38. bxa4 Ra2 39. Ra5 Kh7 40. Ra8
Bb7 41. Ra7 c5+ 42. Nxc5 Bf3 43. Nxe6 Kh6 44. Nxg7 Rxa3 45. Ke3 Bd1 46. Nf5+
Kg5 47. Nd4 Ra2 48. Ne6+ Kf5 49. Nf4 Bf3 50. a5 Ra1 51. a6 Re1+ 52. Kd4 Rg1 53.
Rf7+ Kg5 54. a7 Ra1 55. Nd5 Kg6 56. Rc7 Kf5 57. Kc5 Ra3 58. Kb6 Ke5 59. Kb7
Rb3+ 60. Kc8 Ra3 61. Kb8 1-0

[Event "Echiquier Berry Sologne-Lisieux"]
[Site "Lisieux"]
[Date "2008.03.16"]
[Round "9.5"]
[White "Senderovic, Salko"]
[Black "Bourdonnais, Loic"]
[Result "1-0"]
[WhiteElo "2093"]
[BlackElo "2190"]
[PlyCount "53"]
[EventDate "2008.03.16"]
[SourceDate "2007.10.25"]

1. d4 Nf6 2. c4 e6 3. Nc3 c5 4. d5 exd5 5. cxd5 d6 6. e4 g6 7. Nf3 Qe7 8. Bb5+
Bd7 9. Bxd7+ Nbxd7 10. O-O Bg7 11. Re1 O-O 12. Qd3 Ng4 13. Bf4 Nde5 14. Nxe5
Nxe5 15. Qe2 Rfe8 16. Bg3 h5 17. h3 h4 18. Bh2 a6 19. Kh1 b5 20. Rac1 Qd7 21.
Bxe5 Bxe5 22. Qd2 b4 23. Ne2 Bg7 24. Ng1 Qa4 25. b3 Qd7 26. Re2 Qd8 27. Nf3 {
suite illisible} 1-0

[Event "Echiquier Berry Sologne-Lisieux"]
[Site "Lisieux"]
[Date "2008.03.16"]
[Round "9.6"]
[White "Massot, Michel"]
[Black "Pinson, Jean Yves"]
[Result "1-0"]
[WhiteElo "2150"]
[BlackElo "2036"]
[PlyCount "129"]
[EventDate "2008.03.16"]
[SourceDate "2007.10.25"]

1. c4 Nf6 2. Nc3 c6 3. e4 d6 4. d4 g6 5. Nf3 Bg4 6. Be2 Nbd7 7. Be3 Bxf3 8.
Bxf3 Bg7 9. O-O O-O 10. Be2 Qc7 11. f4 e6 12. Rc1 Rfd8 13. Qe1 Nf8 14. Qh4 Ne8
15. e5 Qb6 16. b3 dxe5 17. Na4 exd4 18. Nxb6 axb6 19. Bd2 Rd7 20. a4 Nd6 21.
Bd3 Nf5 22. Bxf5 exf5 23. Rf3 h5 24. Rd3 Ne6 25. Bb4 Bh6 26. g3 c5 27. Bd2 Nd8
28. Qh3 Nc6 29. Re1 Bf8 30. Qf1 Re7 31. Rxe7 Bxe7 32. Qf3 Rc8 33. h3 Kg7 34. g4
hxg4 35. hxg4 fxg4 36. Qxg4 f5 37. Qg2 Rd8 38. Kf1 Kf7 39. Qh1 Bf6 40. Rh3 Bg7
41. Rh7 Kg8 42. Rh2 Rd7 43. Re2 Kf7 44. Re1 Bf6 45. Qh7+ Bg7 46. Kg2 Ne7 47. b4
Ng8 48. bxc5 bxc5 49. Qh3 Nf6 50. Qf3 Bf8 51. Re5 Bd6 52. Re1 Bf8 53. Ba5 Bh6
54. Bd2 Bf8 55. a5 Rc7 56. Bc1 Bd6 57. Ba3 Bf8 58. Re5 Rd7 59. Bxc5 Bxc5 60.
Rxc5 d3 61. Rd5 Nxd5 62. cxd5 d2 63. Qd3 Ke7 64. Qxd2 Kd6 65. Qd4 1-0

[Event "Echiquier Berry Sologne-Lisieux"]
[Site "Lisieux"]
[Date "2008.03.16"]
[Round "9.7"]
[White "Chaumont, Adeline"]
[Black "Blanche, Paul"]
[Result "1-0"]
[WhiteElo "2063"]
[BlackElo "2108"]
[PlyCount "65"]
[EventDate "2008.03.16"]
[SourceDate "2007.10.25"]

1. d4 d5 2. c4 e6 3. Nc3 Nf6 4. cxd5 exd5 5. Bg5 Be7 6. e3 c6 7. Qc2 O-O 8. Bd3
Nbd7 9. Nf3 Re8 10. O-O Nf8 11. Rab1 Ng6 12. b4 a6 13. a4 Bd6 14. b5 axb5 15.
axb5 h6 16. Bxf6 Qxf6 17. e4 dxe4 18. Nxe4 Qf4 19. Nxd6 Qxd6 20. bxc6 bxc6 21.
Rb6 Ne7 22. Be4 Bg4 23. Qc4 Bxf3 24. Bxf3 Rad8 25. Rd1 Qc7 26. Qc5 Qd6 27. Qc4
Qc7 28. Qc5 Qd6 29. Qc4 Nf5 30. d5 Ne7 31. g3 Qc7 32. Ra6 c5 33. d6 1-0

[Event "Echiquier Berry Sologne-Lisieux"]
[Site "Lisieux"]
[Date "2008.03.16"]
[Round "9.8"]
[White "Nadin, Stephanie"]
[Black "Fota, Daniel"]
[Result "1-0"]
[WhiteElo "1799"]
[BlackElo "1922"]
[PlyCount "79"]
[EventDate "2008.03.16"]
[SourceDate "2007.10.25"]

1. d4 Nf6 2. c4 e6 3. Nf3 b6 4. e3 Bb7 5. Bd3 Bb4+ 6. Bd2 Bxd2+ 7. Nbxd2 d5 8.
O-O O-O 9. Rc1 Nbd7 10. c5 bxc5 11. dxc5 Bc6 12. Nd4 Ne5 13. Bb1 Bb7 14. b4 Nc4
15. Nxc4 dxc4 16. c6 Bc8 17. Qc2 g6 18. Qxc4 e5 19. Nf3 Qe7 20. Qc5 Re8 21.
Qxe7 Rxe7 22. Rc5 Rb8 23. a3 Ba6 24. Re1 Ree8 25. Nxe5 Red8 26. Ba2 Rd2 27.
Bxf7+ Kg7 28. Bb3 Rbd8 29. Nf3 R2d3 30. Nd4 R8xd4 31. exd4 Rxb3 32. h3 Rxa3 33.
Re7+ Kf8 34. Rxc7 Bd3 35. Ra5 Rxa5 36. bxa5 a6 37. Ra7 Nd5 38. Rxh7 Ke8 39. g4
Kd8 40. Rd7+ 1-0

[Event "Gonfreville l'Orcher II-Orleans"]
[Site "Lisieux"]
[Date "2008.03.16"]
[Round "9.1"]
[White "Vaugeois, Cyrille"]
[Black "Perrin, Guillaume"]
[Result "0-1"]
[WhiteElo "2182"]
[BlackElo "2272"]
[PlyCount "72"]
[EventDate "2008.03.16"]
[SourceDate "2007.10.25"]

1. e4 c5 2. Nf3 d6 3. d4 cxd4 4. Qxd4 Nc6 5. Bb5 Bd7 6. Bxc6 Bxc6 7. Nc3 Nf6 8.
Bg5 e6 9. O-O-O Be7 10. Qd3 h6 11. Bxf6 Bxf6 12. Nd4 O-O 13. f4 e5 14. Nxc6
bxc6 15. f5 Qb6 16. b3 Rfd8 17. h4 Qb4 18. Kb1 a5 19. g4 a4 20. Qd2 axb3 21.
cxb3 d5 22. Qc2 d4 23. Ne2 d3 24. Rxd3 Rxd3 25. Qxd3 Rd8 26. Qc4 Qxc4 27. bxc4
Rd2 28. Nc3 Be7 29. Rd1 Rg2 30. Rd7 Bb4 31. Na4 Rxg4 32. Rb7 c5 33. Nb6 Rxe4
34. Nd5 Rxc4 35. Rb8+ Kh7 36. Rf8 Ba3 0-1

[Event "Gonfreville l'Orcher II-Orleans"]
[Site "Lisieux"]
[Date "2008.03.16"]
[Round "9.2"]
[White "Spitz, Christophe"]
[Black "Lefebvre, Herve"]
[Result "0-1"]
[WhiteElo "2157"]
[BlackElo "2253"]
[PlyCount "92"]
[EventDate "2008.03.16"]
[SourceDate "2007.10.25"]

1. e4 c5 2. Nf3 Nc6 3. d4 cxd4 4. Nxd4 Qb6 5. Nb3 Nf6 6. Nc3 e6 7. Be3 Qc7 8.
a3 a6 9. f4 d6 10. Be2 b5 11. O-O Be7 12. Bf3 Bb7 13. Qe2 O-O 14. g4 Rfe8 15.
g5 Nd7 16. Qf2 Bf8 17. Rad1 Rac8 18. h4 b4 19. axb4 Nxb4 20. h5 g6 21. hxg6
hxg6 22. Rd2 d5 23. Qh4 Bg7 24. Rh2 dxe4 25. Bd4 e5 26. fxe5 exf3 27. e6 Ne5
28. Bc5 fxe6 29. Qxb4 Nd3 30. cxd3 Qg3+ 31. Kh1 Be5 32. Rff2 Qxh2+ 33. Rxh2 f2+
34. Qxb7 f1=Q+ 35. Bg1 Bxh2 36. Kxh2 Qf4+ 37. Kh1 Rb8 38. Qd7 Qf3+ 39. Kh2 Qh5+
40. Kg2 Qxg5+ 41. Kf1 Rf8+ 42. Bf2 Qf5 43. Ne4 Rxb3 44. Qd4 Qh3+ 45. Ke2 Qf3+
46. Kd2 Rxb2+ 0-1

[Event "Gonfreville l'Orcher II-Orleans"]
[Site "Lisieux"]
[Date "2008.03.16"]
[Round "9.3"]
[White "Mandon, Fabrice"]
[Black "Bernardin, Thierry"]
[Result "1-0"]
[WhiteElo "2186"]
[BlackElo "1983"]
[PlyCount "65"]
[EventDate "2008.03.16"]
[SourceDate "2007.10.25"]

1. e4 g6 2. d4 Bg7 3. c4 d6 4. Nc3 Nf6 5. f3 e5 6. d5 Nbd7 7. Nh3 a5 8. Be3 Nc5
9. Nf2 Bd7 10. Qd2 b6 11. O-O-O Qe7 12. g3 Ng8 13. Bh3 Bxh3 14. Nxh3 Qd7 15.
Nf2 h5 16. Rhe1 Bh6 17. f4 f6 18. Kb1 O-O-O 19. Nd3 Nxd3 20. Qxd3 Kb7 21. Rf1
Rf8 22. Rf2 Rh7 23. a3 Rhf7 24. Rdf1 f5 25. fxe5 dxe5 26. c5 bxc5 27. Bxc5 Re8
28. Ka1 f4 29. gxf4 Bxf4 30. Rc2 Rc8 31. Nb5 Nf6 32. Qb3 Ka6 33. Nd6 1-0

[Event "Gonfreville l'Orcher II-Orleans"]
[Site "Lisieux"]
[Date "2008.03.16"]
[Round "9.4"]
[White "Maurel, Jean Louis"]
[Black "Jeanne, Mickael"]
[Result "0-1"]
[WhiteElo "1987"]
[BlackElo "2231"]
[PlyCount "88"]
[EventDate "2008.03.16"]
[SourceDate "2007.10.25"]

1. d4 d5 2. Nf3 Nf6 3. e3 e6 4. Bd3 c5 5. c3 Nbd7 6. Nbd2 Be7 7. Qe2 O-O 8. O-O
b6 9. e4 dxe4 10. Nxe4 Bb7 11. Nxf6+ Bxf6 12. dxc5 Nxc5 13. Bc4 Qc7 14. Re1
Rac8 15. a4 Rfd8 16. Be3 Nd7 17. Bb3 Nc5 18. Bxc5 bxc5 19. Rad1 Qb6 20. Qb5 Qc7
21. Qe2 Bc6 22. Rxd8+ Rxd8 23. Rd1 Rb8 24. Nd2 g6 25. Qg4 Kg7 26. Rb1 h5 27.
Qe2 Qd7 28. Qd1 Rxb3 29. Nxb3 Qxd1+ 30. Rxd1 Bxa4 31. Ra1 Bxb3 32. Rxa7 Bg5 33.
Ra5 Be7 34. Rb5 Bc4 35. Rb7 Kf6 36. b4 Bd5 37. Rb5 c4 38. Rb8 Bd6 39. Rc8 Be5
40. b5 Bxc3 41. g3 Bd4 42. Kf1 e5 43. f3 Ke7 44. Ke2 Kd7 0-1

[Event "Gonfreville l'Orcher II-Orleans"]
[Site "Lisieux"]
[Date "2008.03.16"]
[Round "9.5"]
[White "Charmeteau, Sven"]
[Black "Vaillant, Stephane"]
[Result "1/2-1/2"]
[WhiteElo "2179"]
[BlackElo "2015"]
[PlyCount "107"]
[EventDate "2008.03.16"]
[SourceDate "2007.10.25"]

1. e4 e6 2. d4 d5 3. Nc3 Bb4 4. exd5 exd5 5. Bd3 Nc6 6. a3 Bxc3+ 7. bxc3 Nge7
8. Qh5 Be6 9. a4 Qd7 10. a5 O-O-O 11. h3 Rde8 12. Nf3 f6 13. Kd1 Nf5 14. Nd2 g6
15. Qf3 Nd6 16. a6 b6 17. Ba3 f5 18. Kc1 Ne4 19. Bb5 Nd6 20. Ba4 Nf7 21. Re1
Nfd8 22. Kb2 Qf7 23. c4 Bd7 24. Qd3 Na5 25. Bxd7+ Qxd7 26. Bb4 Nxc4+ 27. Nxc4
dxc4 28. Qxc4 Qc6 29. Qxc6 Nxc6 30. Bc3 Nb8 31. Re5 Kd7 32. Kb3 Rhf8 33. f4 Nc6
34. Ree1 Rxe1 35. Rxe1 Re8 36. Rd1 Re4 37. g3 Re3 38. g4 Rxh3 39. gxf5 gxf5 40.
d5 Nb8 41. Kb2 Nxa6 42. Rg1 Kd6 43. Rd1 Rh6 44. Be5+ Kd7 45. Ra1 Nb4 46. Rxa7
Nxd5 47. c4 Ne7 48. Rxc7+ Kd8 49. Rb7 Re6 50. Rb8+ Kd7 51. Rh8 Rh6 52. Rb8 Re6
53. Rh8 Rh6 54. Rb8 1/2-1/2

[Event "Gonfreville l'Orcher II-Orleans"]
[Site "Lisieux"]
[Date "2008.03.16"]
[Round "9.6"]
[White "Teixeira, Antonio"]
[Black "Theon, Pierre"]
[Result "0-1"]
[WhiteElo "1899"]
[BlackElo "2127"]
[PlyCount "108"]
[EventDate "2008.03.16"]
[SourceDate "2007.10.25"]

1. e4 d5 2. exd5 Qxd5 3. Nc3 Qd8 4. Nf3 Nf6 5. h3 c6 6. Bc4 Bf5 7. O-O e6 8.
Re1 Nbd7 9. Nd4 Nb6 10. Nxf5 Nxc4 11. d3 Nd6 12. Ng3 Be7 13. b3 h5 14. Bb2 h4
15. Nge4 Nf5 16. Ne2 Qc7 17. Qc1 O-O-O 18. Qf4 Qxf4 19. Nxf4 Nd4 20. Bxd4 Rxd4
21. c3 Rd7 22. d4 Nxe4 23. Rxe4 c5 24. dxc5 Bxc5 25. Rc4 Rc7 26. Nd3 Bb6 27.
Rxc7+ Kxc7 28. Kf1 Rh5 29. Rd1 Rf5 30. Rd2 a5 31. Nb2 Bc5 32. Nd3 Be7 33. Nb2
Bf6 34. Nd1 b5 35. Rd3 Kc6 36. Ne3 Rc5 37. c4 b4 38. f4 a4 39. Kf2 Ra5 40. Kf3
axb3 41. axb3 Bc3 42. Nd1 Ra3 43. Nxc3 Rxb3 44. Ke2 bxc3 45. Rd8 Rb2+ 46. Kd1
Rxg2 47. Rd3 Rg3 48. Kc2 Kc5 49. Kxc3 f6 50. Kd2 Rxd3+ 51. Kxd3 g6 52. Kc3 g5
53. fxg5 fxg5 54. Kd3 g4 0-1

[Event "Gonfreville l'Orcher II-Orleans"]
[Site "Lisieux"]
[Date "2008.03.16"]
[Round "9.7"]
[White "Cozic, Erwan"]
[Black "Gastal, Laurent"]
[Result "1-0"]
[WhiteElo "2047"]
[BlackElo "1983"]
[PlyCount "57"]
[EventDate "2008.03.16"]
[SourceDate "2007.10.25"]

1. d4 Nf6 2. c4 g6 3. Nc3 d5 4. Nf3 Bg7 5. Bg5 c6 6. cxd5 Nxd5 7. e4 Nxc3 8.
bxc3 O-O 9. Be2 c5 10. Qd2 cxd4 11. cxd4 Nc6 12. Rd1 Bg4 13. d5 Bxf3 14. Bxf3
Nd4 15. Bg4 h5 16. Bh3 Qc7 17. O-O e6 18. Be3 e5 19. f4 Qc4 20. Bxd4 exd4 21.
f5 Kh7 22. Kh1 Rae8 23. f6 Bh6 24. Qxd4 Rxe4 25. Qxa7 Re2 26. Qxb7 Rxa2 27. d6
Rd2 28. d7 Qe2 29. Rde1 1-0

[Event "Gonfreville l'Orcher II-Orleans"]
[Site "Lisieux"]
[Date "2008.03.16"]
[Round "9.8"]
[White "Dinet, Virginie"]
[Black "Ferry, Justine"]
[Result "0-1"]
[WhiteElo "1790"]
[BlackElo "1885"]
[PlyCount "98"]
[EventDate "2008.03.16"]
[SourceDate "2007.10.25"]

1. e4 c5 2. Nf3 e6 3. d4 cxd4 4. Nxd4 a6 5. Nc3 b5 6. a3 Bb7 7. Bd3 Qb6 8. Nb3
d6 9. Be3 Qc7 10. O-O Nd7 11. f4 Ngf6 12. Qe2 Be7 13. Rae1 Nc5 14. Bd2 Nxd3 15.
cxd3 O-O 16. Rc1 Qd7 17. Na5 Rac8 18. Nxb7 Qxb7 19. Qf3 Nd7 20. d4 Nb6 21. Nb1
Nc4 22. b3 Nxd2 23. Nxd2 Qb6 24. Qf2 Rc7 25. b4 Rfc8 26. Nb3 Rc3 27. Rxc3 Rxc3
28. Qb2 Rc4 29. Rc1 e5 30. fxe5 dxe5 31. Rxc4 bxc4 32. Nd2 exd4 33. Nxc4 Qa7
34. Qd2 h6 35. Qd3 Bg5 36. Ne5 Be3+ 37. Kf1 Qc7 38. Nc4 Qf4+ 39. Ke2 Qf2+ 40.
Kd1 Qg1+ 41. Kc2 Qxg2+ 42. Kb3 Bg1 43. h3 h5 44. Na5 Qg6 45. Kc4 Qe6+ 46. Kc5
Be3 47. Nc6 Qxh3 48. Nxd4 Qc8+ 49. Kb6 Bg1 0-1

[Event "Gif sur Yvette-Quimper"]
[Site "Rennes"]
[Date "2008.03.16"]
[Round "9.1"]
[White "Kulaots, Kaido"]
[Black "Bleunven, Andre"]
[Result "1-0"]
[WhiteElo "2533"]
[BlackElo "2274"]
[PlyCount "51"]
[EventDate "2008.03.16"]
[SourceDate "2007.10.25"]

1. e4 d5 2. exd5 Qxd5 3. Nc3 Qa5 4. d4 Nf6 5. Bc4 Bg4 6. f3 Bf5 7. Nge2 Nbd7 8.
g4 Nb6 9. Bxf7+ Kxf7 10. gxf5 Qxf5 11. Ng3 Qd7 12. Nce4 e6 13. Qe2 Nxe4 14.
fxe4 Qxd4 15. c3 Qc4 16. Rf1+ Kg8 17. Qf3 e5 18. Nf5 h5 19. Bg5 Na4 20. Ne3 Qe6
21. Nd5 Bd6 22. O-O-O Rf8 23. Qe2 Rxf1 24. Qxf1 c6 25. Ne3 Qxa2 26. Nc4 {
suite illisible} 1-0

[Event "Gif sur Yvette-Quimper"]
[Site "Rennes"]
[Date "2008.03.16"]
[Round "9.2"]
[White "Jolly, Jean Francois"]
[Black "Seret, Jean Luc"]
[Result "1/2-1/2"]
[WhiteElo "2290"]
[BlackElo "2380"]
[PlyCount "133"]
[EventDate "2008.03.16"]
[SourceDate "2007.10.25"]

1. d4 d6 2. c4 e5 3. Nf3 e4 4. Ng5 f5 5. Nh3 c6 6. d5 Na6 7. g3 Be7 8. Bg2 Nf6
9. Nc3 O-O 10. O-O Nc7 11. f3 exf3 12. Bxf3 c5 13. Nf4 Ng4 14. Nd3 Bf6 15. Bxg4
fxg4 16. Ne4 b5 17. Nxf6+ Rxf6 18. Nf2 Qe8 19. b3 bxc4 20. bxc4 Rb8 21. a3 Bd7
22. Bg5 Rf8 23. Bf4 Qe7 24. Qd2 h6 25. Qd3 Rbe8 26. Rab1 Bf5 27. e4 Bc8 28.
Rbe1 g5 29. Bc1 Rf3 30. Qe2 Ref8 31. Bb2 h5 32. e5 Ba6 33. Qe4 Qf7 34. e6 Qh7
35. e7 Re8 36. Qxh7+ Kxh7 37. Ne4 Rxf1+ 38. Rxf1 Rxe7 39. Nxd6 Ne8 40. Nxe8
Rxe8 41. Bf6 Bxc4 42. d6 Bxf1 43. d7 Bb5 44. dxe8=Q Bxe8 45. Bxg5 Kg6 46. Be3
c4 47. Bxa7 Kf5 48. Kf2 Ke4 49. Ke2 c3 50. Bb6 Bb5+ 51. Kd1 Kd3 52. Kc1 Ba4 53.
Bc7 Ke4 54. Ba5 c2 55. Kd2 Kf3 56. Bd8 Kg2 57. Bh4 Kxh2 58. Kc1 Kg2 59. Kd2 Kf3
60. Kc1 Ke2 61. Bg5 Kd3 62. Be7 Kc4 63. Kb2 Kd3 64. Bg5 Ke2 65. Kc1 Kf3 66. Bh4
Ke3 67. Bg5+ 1/2-1/2

[Event "Gif sur Yvette-Quimper"]
[Site "Rennes"]
[Date "2008.03.16"]
[Round "9.3"]
[White "Seret, Jean Renaud"]
[Black "Entem, Alan"]
[Result "0-1"]
[WhiteElo "2199"]
[BlackElo "2164"]
[PlyCount "80"]
[EventDate "2008.03.16"]
[SourceDate "2007.10.25"]

1. e4 c5 2. Nf3 d6 3. d4 cxd4 4. Nxd4 Nf6 5. Nc3 g6 6. Be2 Bg7 7. O-O O-O 8.
Be3 Nc6 9. Nb3 Be6 10. f4 Na5 11. e5 Ne8 12. Bd4 Bxb3 13. axb3 Nc6 14. Bb5 dxe5
15. Bc5 Nd6 16. Bxc6 bxc6 17. fxe5 Bxe5 18. Rxa7 Rxa7 19. Bxa7 Qc7 20. Bd4 Nf5
21. Bxe5 Qxe5 22. Re1 Qc5+ 23. Kh1 Qf2 24. Ne4 Qf4 25. Qd7 Qh4 26. g3 Qg4 27.
Qxc6 Nd4 28. Qc4 Qf3+ 29. Kg1 Rd8 30. c3 Nc2 31. Rf1 Qe3+ 32. Kh1 Kh8 33. Nf2
Qf3+ 34. Kg1 Ne3 35. Qe4 Qxe4 36. Nxe4 Nxf1 37. Kxf1 f5 38. Nc5 Rd2 39. h3 Rxb2
40. b4 Kg7 0-1

[Event "Gif sur Yvette-Quimper"]
[Site "Rennes"]
[Date "2008.03.16"]
[Round "9.4"]
[White "Bollore, Jacques"]
[Black "Dubois, Jean Marie"]
[Result "0-1"]
[WhiteElo "2119"]
[BlackElo "2280"]
[PlyCount "118"]
[EventDate "2008.03.16"]
[SourceDate "2007.10.25"]

1. e4 Nf6 2. e5 Nd5 3. Nc3 Nxc3 4. bxc3 d6 5. Nf3 g6 6. Bc4 d5 7. Be2 c5 8. O-O
Bg7 9. d4 O-O 10. h3 Nc6 11. Bf4 Qa5 12. Qc1 Qxc3 13. Bd2 Nxd4 14. Bd1 Nxf3+
15. Bxf3 Qxe5 16. Rb1 Qd6 17. c4 e6 18. Rd1 Bd4 19. Bf4 Qd7 20. h4 f6 21. Rb3
b6 22. cxd5 e5 23. Bh6 Bb7 24. Bxf8 Rxf8 25. Qc4 Kg7 26. a4 Qc8 27. Re1 f5 28.
g3 e4 29. Bg2 Rd8 30. Qc2 Bxd5 31. Rbb1 Qe6 32. Kh2 Ba2 33. Rbc1 Bb3 34. Qe2
Bxa4 35. f3 e3 36. f4 Bc6 37. Rcd1 Re8 38. Qc2 Bxg2 39. Qxg2 Qe4 40. Qa2 Re7
41. Re2 b5 42. h5 Qe6 43. Qa5 b4 44. Qd8 gxh5 45. Rxd4 cxd4 46. Qxd4+ Kf7 47.
Qxb4 Qb6 48. Qc4+ Re6 49. Qc8 Qb5 50. Rc2 Qe8 51. Rc7+ Kf8 52. Qb7 Re7 53. Rxe7
Qxe7 54. Qc8+ Kg7 55. Qc3+ Kf7 56. Qc4+ Qe6 57. Qe2 Kg6 58. Kh3 h6 59. Kh4 Kg7
0-1

[Event "Gif sur Yvette-Quimper"]
[Site "Rennes"]
[Date "2008.03.16"]
[Round "9.5"]
[White "Leitner, Walter"]
[Black "Bodenez, Claire"]
[Result "1-0"]
[WhiteElo "2115"]
[BlackElo "2042"]
[PlyCount "117"]
[EventDate "2008.03.16"]
[SourceDate "2007.10.25"]

1. e4 d5 2. exd5 Qxd5 3. Nc3 Qa5 4. Bc4 Nf6 5. h3 c6 6. Nf3 Bf5 7. O-O e6 8. d3
Bd6 9. Re1 Qc7 10. Nh4 Bg6 11. Nxg6 hxg6 12. Ne4 Nxe4 13. Rxe4 Nd7 14. d4 O-O-O
15. c3 Nf6 16. Re1 Nd5 17. Qf3 Rh5 18. Bf1 Rf5 19. Qe2 Rh5 20. Qf3 Rf5 21. Qe2
Rh5 22. c4 Nf6 23. Be3 Rdh8 24. Rab1 g5 25. f3 R5h7 26. Bxg5 Nh5 27. Qe4 Bh2+
28. Kf2 Bg3+ 29. Kg1 Bh2+ 30. Kf2 Bg3+ 31. Kg1 Bxe1 32. Qxe1 Qd6 33. Be3 Ng3
34. c5 Qc7 35. Bd3 Nf5 36. Bf2 Rxh3 37. gxh3 Rxh3 38. Qe5 Qxe5 39. dxe5 Rxf3
40. Bxf5 Rxf5 41. Bg3 b6 42. Kg2 f6 43. Rd1 fxe5 44. cxb6 axb6 45. Rd6 Kc7 46.
Rxe6 Kd7 47. Rg6 Rf6 48. Rxg7+ Ke6 49. Rg5 b5 50. Rxe5+ Kd7 51. Re2 c5 52. Re5
Rd6 53. Bf4 Rc6 54. Rd5+ Kc8 55. Be3 c4 56. Rc5 Kb7 57. Rxc6 Kxc6 58. Bd2 Kc5
59. a3 1-0

[Event "Gif sur Yvette-Quimper"]
[Site "Rennes"]
[Date "2008.03.16"]
[Round "9.6"]
[White "Baudon, Andrew"]
[Black "Boonekamp, Maarten"]
[Result "0-1"]
[WhiteElo "1926"]
[BlackElo "2055"]
[PlyCount "42"]
[EventDate "2008.03.16"]
[SourceDate "2007.10.25"]

1. e4 e5 2. Nf3 Nc6 3. Bb5 Bc5 4. c3 Nf6 5. O-O O-O 6. d4 exd4 7. cxd4 Be7 8.
Nc3 d5 9. e5 Ne4 10. h3 f5 11. Qc2 Be6 12. Ne2 Nb4 13. Qd1 g5 14. Nh2 a6 15.
Ba4 b5 16. Bb3 f4 17. Re1 Qd7 18. f3 Bxh3 19. gxh3 Qxh3 20. Nxf4 Qg3+ 21. Ng2
Qf2+ 0-1

[Event "Gif sur Yvette-Quimper"]
[Site "Rennes"]
[Date "2008.03.16"]
[Round "9.7"]
[White "Renault, Nicolas"]
[Black "Le Du, Michel"]
[Result "1-0"]
[WhiteElo "2010"]
[BlackElo "1958"]
[PlyCount "103"]
[EventDate "2008.03.16"]
[SourceDate "2007.10.25"]

1. e4 g6 2. d4 d6 3. Nc3 Bg7 4. f4 Nc6 5. Be3 Nf6 6. Nf3 O-O 7. Be2 Ng4 8. Bg1
e5 9. fxe5 dxe5 10. d5 Ne7 11. h3 Nf6 12. Bh2 Qd6 13. Bxe5 Qb4 14. Qd4 c5 15.
Qxb4 cxb4 16. Bxf6 Bxf6 17. Nd1 Bd7 18. a3 a5 19. axb4 axb4 20. Rxa8 Rxa8 21.
O-O Ra2 22. Bc4 Ra1 23. e5 Bg7 24. Ne3 Rxf1+ 25. Kxf1 Bh6 26. Kf2 b5 27. Bb3
Kf8 28. g4 Bf4 29. d6 Nc6 30. Nd5 Bxe5 31. Nxe5 Nxe5 32. Kg3 Kg7 33. Kf4 Nc6
34. Nb6 Nb8 35. h4 h6 36. g5 hxg5+ 37. hxg5 Bf5 38. Nd5 Nc6 39. Ne7 Bd7 40. Nd5
Bf5 41. Nf6 Kf8 42. c3 bxc3 43. bxc3 Nd8 44. Bd5 Bd3 45. Ke5 Bf5 46. Ne4 Kg7
47. Nc5 Kf8 48. Kf6 Bg4 49. Nd3 Be6 50. Be4 Bc4 51. Nf4 Be6 52. Bd3 1-0

[Event "Gif sur Yvette-Quimper"]
[Site "Rennes"]
[Date "2008.03.16"]
[Round "9.8"]
[White "Brient, Yoann"]
[Black "Lofi, Sarah"]
[Result "1-0"]
[WhiteElo "1871"]
[BlackElo "1860"]
[PlyCount "51"]
[EventDate "2008.03.16"]
[SourceDate "2007.10.25"]

1. d4 d5 2. c4 c6 3. Nc3 Nf6 4. e3 Bf5 5. cxd5 Nxd5 6. Qb3 Nb6 7. Nf3 e6 8. a4
Qc7 9. e4 Bg6 10. a5 N6d7 11. Bg5 Nf6 12. Bd3 Be7 13. O-O O-O 14. Rfe1 Nbd7 15.
Bf1 Rfe8 16. Bh4 b6 17. axb6 Qb7 18. Ba6 Qxb6 19. Qxb6 axb6 20. Bb7 Rxa1 21.
Rxa1 c5 22. Bc6 Rd8 23. e5 Nd5 24. Nxd5 Bxh4 25. Nxh4 exd5 26. Bxd7 1-0